000 00477nam a2200193Ia 4500
005 20240321103212.0
008 131103s9999 xx 000 0 und d
040 _aLoreto College
041 _aEnglish
082 _a821.07
_bFRA
100 _aFranklin, Alexander
245 _aWays teacher's book
_cAlexander Franklin
260 _aEdinburgh
_bOliver
_c1973
300 _a89p
504 _aIncludes index
650 _aEnglish poetry
850 _aLCBED
942 _cBK
999 _c29690
_d80169